Statistiques concernant Les meilleurs buteurs de l'histoire du FC Girondins de Bordeaux

Cliquez ici pour prendre le quiz!

Statistiques générales

  • Ce quiz a été pris 68 fois
  • Le résultat moyen est 4 sur 10

Statistiques - réponses

ButsNationalitéJoueur% Correct
180FranceAlain Giresse
93%
91PortugalPauleta
88%
66MaliCheick Diabaté
79%
74Maroc / FranceMarouane Chamakh
78%
137FranceBernard Lacombe
29%
71FranceLilian Laslandes
28%
104FranceÉdouard Kargu
7%
77FranceDidier Couécou
5%
72Argetnine / FranceHéctor De Bourgoing
2%
100FranceLaurent Robuschi
0%

Distribution des résultats

Percentile par nombre de réponses

% des personnes avec chaque résultat

Votre développement - résultats

Vous n’avez pas pris ce quiz